000 00428nam a22001697a 4500
003 MPLRDC
005 20220104143503.0
008 210129b ||||| |||| 00| 0 eng d
082 _a982.61 ZGXJ v.1
100 _a中国戏剧出版社编辑部编
245 _a话剧文学研究. 一
_c
250 _a一版一刷
260 _a
_b中国戏剧出版社
_c1987
300 _b
650 _a
942 _cBK
_o982.61 ZGXJ v.1
999 _c40385
_d40375